000 00740nam a2200241 a 4500
001 000020130
005 20200929170259.0
008 800131s1968 sp 001 p spa d
040 _aDO-SdBNP
_bspa
_cBNPHU
082 _a861.5
_bR618r, 1968
100 1 _aRivas, Ángel de Saavedra,
_cDuque de,
_d1791-1865
_98738
245 1 0 _aRomances /
_cDuque de Rivas.
250 _a7a ed.
260 _aMadrid :
_bEspasa-Calpe,
_c1968.
300 _a245 p ;
_c18 cm.
490 1 _aAustral. Gris: clásicos
_v46
500 _aIncluye índice de autores
650 4 _aPoesía española
_ySIGLO XVIII
_915870
650 4 _aLiteratura española
_ySIGLO XVIII
_913698
830 0 _aAustral.
_pGris: clásicos;
_v46
_98199
910 _aWM
049 _aBNGR
999 _c19638
_d19638